MARC details
| 000 -LEADER |
| fixed length control field |
01667cam a22004337i 4500 |
| 005 - DATE AND TIME OF LATEST TRANSACTION |
| control field |
20230619093707.0 |
| 008 - FIXED-LENGTH DATA ELEMENTS--GENERAL INFORMATION |
| fixed length control field |
170503t20162016ohua b 001 0 eng d |
| 010 ## - LIBRARY OF CONGRESS CONTROL NUMBER |
| LC control number |
2016462790 |
| 020 ## - INTERNATIONAL STANDARD BOOK NUMBER |
| ISBN |
9781440344350 |
| Qualifying information |
(paperback) |
| 035 ## - SYSTEM CONTROL NUMBER |
| System control number |
(OCoLC)ocn934886176 |
| 040 ## - CATALOGING SOURCE |
| Original cataloging agency |
YDXCP |
| Language of cataloging |
eng |
| Transcribing agency |
YDXCP |
| Description conventions |
rda |
| Modifying agency |
BTCTA |
| -- |
BDX |
| -- |
OCLCQ |
| -- |
ORX |
| -- |
SO$ |
| -- |
OCLCO |
| -- |
QBX |
| -- |
OCLCF |
| -- |
OCLCO |
| -- |
OU9 |
| -- |
IGA |
| -- |
OCLCO |
| -- |
VP@ |
| -- |
BKL |
| -- |
OCLCQ |
| -- |
NZAUC |
| -- |
DLC |
| 042 ## - AUTHENTICATION CODE |
| Authentication code |
lccopycat |
| 050 00 - LIBRARY OF CONGRESS CALL NUMBER |
| Classification number |
TR690 |
| Item number |
.E53 2016 |
| 082 04 - DEWEY DECIMAL CLASSIFICATION NUMBER |
| Classification number |
770.23/2 |
| Edition number |
23 |
| Item number |
ENG-S |
| 100 1# - MAIN ENTRY--AUTHOR |
| Author Name |
Engh, Rohn, |
| 245 10 - TITLE STATEMENT |
| Title |
Sell & re-sell your photos : |
| Remainder of title |
learn how to sell your photographs worldwide / |
| Statement of responsibility, etc. |
Rohn Engh & Mikael Karlsson. |
| 250 ## - EDITION STATEMENT |
| Edition statement |
Sixth edition. |
| 260 ## - PUBLICATION, DISTRIBUTION, ETC. |
| Place of Publication |
USA |
| Name of publisher, distributor, etc. |
North Light |
| Date of publication, distribution, etc. |
2016 |
| 300 ## - PHYSICAL DESCRIPTION |
| Pages |
320 pages : |
| 336 ## - CONTENT TYPE |
| Content type term |
text |
| Content type code |
txt |
| Source |
rdacontent |
| 336 ## - CONTENT TYPE |
| Content type term |
still image |
| Content type code |
sti |
| Source |
rdacontent |
| 337 ## - MEDIA TYPE |
| Media type term |
unmediated |
| Media type code |
n |
| Source |
rdamedia |
| 338 ## - CARRIER TYPE |
| Carrier type term |
volume |
| Carrier type code |
nc |
| Source |
rdacarrier |
| 504 ## - BIBLIOGRAPHY, ETC. NOTE |
| Bibliography, etc. note |
Includes bibliographical references and index. |
| 650 #0 - SUBJECT ADDED ENTRY--TOPICAL TERM |
| Subject / Department |
Photography |
| General subdivision |
Marketing. |
| 650 #0 - SUBJECT ADDED ENTRY--TOPICAL TERM |
| Subject / Department |
Photography |
| General subdivision |
Business methods. |
| 650 #0 - SUBJECT ADDED ENTRY--TOPICAL TERM |
| Subject / Department |
Stock photography. |
| 650 #7 - SUBJECT ADDED ENTRY--TOPICAL TERM |
| Subject / Department |
PHOTOGRAPHY |
| General subdivision |
Business Aspects. |
| Source of heading or term |
bisacsh |
| 650 #7 - SUBJECT ADDED ENTRY--TOPICAL TERM |
| Subject / Department |
Photography |
| General subdivision |
Business methods. |
| Source of heading or term |
fast |
| Authority record control number or standard number |
(OCoLC)fst01061722 |
| 650 #7 - SUBJECT ADDED ENTRY--TOPICAL TERM |
| Subject / Department |
Photography |
| General subdivision |
Marketing. |
| Source of heading or term |
fast |
| Authority record control number or standard number |
(OCoLC)fst01061773 |
| 650 #7 - SUBJECT ADDED ENTRY--TOPICAL TERM |
| Subject / Department |
Stock photography. |
| Source of heading or term |
fast |
| Authority record control number or standard number |
(OCoLC)fst01133614 |
| 700 1# - ADDED ENTRY--PERSONAL NAME |
| Personal name |
Karlsson, Mikael, |
| 246 3# - VARYING FORM OF TITLE |
| Title proper/short title |
Sell and re-sell your photos |
| 264 #1 - PRODUCTION, PUBLICATION, DISTRIBUTION, MANUFACTURE, AND COPYRIGHT NOTICE |
| Place of production, publication, distribution, manufacture |
Cincinnati, Ohio : |
| Name of producer, publisher, distributor, manufacturer |
North Light Books, |
| Date of production, publication, distribution, manufacture, or copyright notice |
[2016] |
| 264 #4 - PRODUCTION, PUBLICATION, DISTRIBUTION, MANUFACTURE, AND COPYRIGHT NOTICE |
| Date of production, publication, distribution, manufacture, or copyright notice |
©2016 |
| 300 ## - PHYSICAL DESCRIPTION |
| -- |
illustrations ; |
| -- |
23 cm |
| 906 ## - LOCAL DATA ELEMENT F, LDF (RLIN) |
| a |
7 |
| b |
cbc |
| c |
copycat |
| d |
2 |
| e |
ncip |
| f |
20 |
| g |
y-gencatlg |
| 952 ## - LOCATION AND ITEM INFORMATION (KOHA) |
| -- |
0 |
| -- |
0 |